Design and Development of Visual Inspection System of the stent using Image Processing Technique / (Record no. 607431)

000 -LEADER
fixed length control field 00549nam a22001457a 4500
082 ## - DEWEY DECIMAL CLASSIFICATION NUMBER
Classification number 610
100 ## - MAIN ENTRY--PERSONAL NAME
Personal name Ahmed, Umair
245 ## - TITLE STATEMENT
Title Design and Development of Visual Inspection System of the stent using Image Processing Technique /
Statement of responsibility, etc. Umair Ahmed
264 ## - PRODUCTION, PUBLICATION, DISTRIBUTION, MANUFACTURE, AND COPYRIGHT NOTICE
Place of production, publication, distribution, manufacture Islamabad :
Name of producer, publisher, distributor, manufacturer SMME- NUST;
Date of production, publication, distribution, manufacture, or copyright notice 2023.
300 ## - PHYSICAL DESCRIPTION
Extent 80p.
Other physical details Soft Copy
Dimensions 30cm
650 ## - SUBJECT ADDED ENTRY--TOPICAL TERM
Topical term or geographic name entry element MS Biomedical Engineering (BME)
700 ## - ADDED ENTRY--PERSONAL NAME
Personal name Supervisor : Dr. Murtaza Najabat Ali
856 ## - ELECTRONIC LOCATION AND ACCESS
Uniform Resource Identifier <a href="http://10.250.8.41:8080/xmlui/handle/123456789/35376">http://10.250.8.41:8080/xmlui/handle/123456789/35376</a>
942 ## - ADDED ENTRY ELEMENTS (KOHA)
Source of classification or shelving scheme
Koha item type Thesis
Holdings
Withdrawn status Permanent Location Current Location Shelving location Date acquired Full call number Barcode Koha item type
  School of Mechanical & Manufacturing Engineering (SMME) School of Mechanical & Manufacturing Engineering (SMME) E-Books 01/18/2024 610 SMME-TH-845 Thesis
© 2023 Central Library, National University of Sciences and Technology. All Rights Reserved.